000 00346nam a2200133Ia 4500
008 240624s9999 xx 000 0 und d
041 _aeng
082 _a330.973 PAR
100 _aPARKER RANDALL E
245 _aECONOMIC OF THE GREAT DEPRESSION A TWENT
260 _c2007
_aUSA
_bEdward Elgar
300 _axi, 257 p,: 23 cm.
365 _cBPS
_b38
999 _c31098
_d31098